| Поле | Название | Значение |
| |
Тип записи |
a |
| |
Библиографический уровень |
m |
| 001 |
Контрольный номер |
0f6e73badfaa4caab769000c17b5ecec |
| 005 |
Дата корректировки |
20230109162858.7 |
| 010 |
Индекс ISBN |
__ |
| a |
ISBN |
978-5-16-002384-7 |
| b |
Уточнения |
в пер. |
| 100 |
Данные общей обработки |
__ |
| a |
Данные общей обработки |
20220224g20202021ekmy0rusy028402 ca |
| 101 |
Язык документа |
0_ |
| a |
Язык текста |
rus |
| 102 |
Страна публикации |
__ |
| a |
Страна публикации |
RU |
| 105 |
Кодированные данные (монография) |
__ |
| a |
Кодированные данные (монография) |
a j 000yy |
| 181 |
Поле кодированных данных: вид содержания |
_0 |
| a |
Код вида содержания (ISBD) |
i |
| 182 |
Поле кодированных данных: тип средства |
_0 |
| a |
Код типа средства (ISBD) |
n |
| 200 |
Заглавие и сведения об ответственности |
1_ |
| a |
Заглавие |
Физическая химия |
| e |
Сведения, относящиеся к заглавию |
учебник : в 2 томах : для студентов высших учебных заведений, обучающихся по направлениям подготовки 40.03.01 "Химия", 18.03.01 "Химическая технология", 03.03.01 "Прикладные математика и физика" (квалификация (степень) "бакалавр") |
| f |
Первые сведения об ответственности |
А. Я. Борщевский |
| 203 |
Вид содержания и тип средства |
__ |
| a |
Вид содержания |
Текст |
| c |
Тип средства |
непосредственный |
| 210 |
Выходные данные |
1_ |
| a |
Место издания |
Москва |
| c |
Издательство |
ИНФРА-М |
| d |
Дата издания |
2020-2021 |
| 215 |
Физическое описание |
__ |
| d |
Формат |
22 см |
| 225 |
Серия |
2_ |
| a |
Серия |
Высшее образование - Бакалавриат |
| e |
Сведения, относящиеся к заглавию серии |
серия основана в 1996 г. |
| 225 |
Серия |
2_ |
| a |
Серия |
Бакалавриат |
| 606 |
Тематические рубрики |
__ |
| a |
Основная рубрика |
Химия |
| 2 |
Код системы |
nlr_sh |
| 606 |
Тематические рубрики |
__ |
| a |
Основная рубрика |
Физическая химия в целом |
| 2 |
Код системы |
nlr_sh |
| 610 |
Ключевые слова |
0_ |
| a |
Ключевые слова |
химическая термодинамика |
| 610 |
Ключевые слова |
0_ |
| a |
Ключевые слова |
термодинамика |
| 610 |
Ключевые слова |
0_ |
| a |
Ключевые слова |
статистическая термодинамика |
| 686 |
Индексы других классификаций |
__ |
| a |
Классификационный индекс |
24.5я73 |
| 2 |
Код системы |
rubbks |
| 700 |
Автор |
_1 |
| a |
Фамилия |
Борщевский |
| b |
Имя |
А. Я. |
| g |
Полное личное имя |
Андрей Яковлевич |
| 4 |
Код отношения |
070 |
| f |
Даты |
1955- |
| 801 |
Источник записи |
_0 |
| a |
Страна |
RU |
| b |
Организация |
Муниципальное бюджетное учреждение культуры "Централизованная библиотечная система" г. Сургут (Центральная городская библиотека им. А. С. Пушкина) |
| g |
Правила каталогизации |
PSBO |
| c |
Дата составления |
20220224 |
| 801 |
Источник записи |
_1 |
| a |
Страна |
RU |
| b |
Организация |
Муниципальное бюджетное учреждение культуры "Централизованная библиотечная система" г. Сургут (Центральная городская библиотека им. А. С. Пушкина) |
| g |
Правила каталогизации |
PSBO |
| c |
Дата составления |
20220224 |
| 852 |
Данные о местонахождении |
__ |
| j |
Шифр хранения |
24.5я73 |
| i |
Авторский знак |
Б 83 |
| 901 |
Тип документа |
__ |
| t |
Тип документа |
v |
| a |
Ответственный |
КиК/Лукашук |
| 903 |
Характеристики (МАРС) |
__ |
| a |
Дата передачи |
20220224 |
| c |
Наименование библиотеки (МАРС) |
Муниципальное бюджетное учреждение культуры "Централизованная библиотечная система" г. Сургут (Центральная городская библиотека им. А. С. Пушкина) |
| 969 |
Тип издания |
__ |
| a |
Тип издания |
учебник |